000 00453nam a2200121Ia 4500
008 220615s9999||||xx |||||||||||||| ||und||
100 _aOman, Susan
245 0 _aUnderstanding Well-being Data
_bImproving Social and Cultural Policy, Practice and Research
546 _aEnglish[eng]
650 _acultural||value||wellbeing||policy||culture||Open Access
856 _uhttps://library.oapen.org/bitstream/20.500.12657/51454/1/9783030729370.pdf
942 _cEB
999 _c9527
_d9527